| 000 | 00378nam a22001337a 4500 | ||
|---|---|---|---|
| 999 |
_c7636 _d7636 |
||
| 008 | 190213b ||||| |||| 00| 0 eng d | ||
| 020 | _a9788129124913 | ||
| 082 | _a954.05 K14m 2013 | ||
| 100 | _aKalam, Abdul A.P.J. | ||
| 245 |
_aMy Journey; _bTransforming dreams into actions |
||
| 260 |
_aNew Delhi : _bRupa Publications, _c2013. |
||
| 300 |
_axii, 147 p. _c19 cm. |
||
| 942 | _2ddc | ||